000 00676cab a22002175a 4500
001 L159262
008 120731s2016 xxka f 000 0 eng d
035 _a(Sirsi) u159262
041 0 _aeng
050 _a692.0285 $2 18
100 1 _aHorne, Rob
245 0 0 _aAnother level v one dimension
260 _c2016
490 _aCivil Engineering Surveyor
_vApril 2016, 42-43(2)
520 _aDiscusses pros and cons of using complex BIM, including all levels and dimensions. Comments on risks involved in implementation of BIM level 3.
650 2 4 _aDESIGN PROCESS
650 2 4 _aINTELLECTUAL PROPERTY
651 4 _aUnited Kingdom
_y
690 _aBIM
_96219
942 _n0
999 _c84853
_d84853